V imeto na baštata

Bibliographic Details
Main Author: Balla, 1967- (Author)
Other Authors: Milčev, Asen Grigorov, 1947- (Translator)
Format: Book
Language:Bulgarian
PhysicalDescription:111 strán 19 cm
Published: Sofija Bezsmărtni misli 2021
ISBN:9786199130322
Edition:Părvo izdanie
Subjects:

MARC

LEADER 00000cam a2200000 4500
001 vtls012154968
003 SK-MaSNL
005 20260301151650.0
008 221125s2021 bu e 000 f bul
015 |a SNBZSA2023/06 
020 |a 9786199130322  |q (brožované) 
040 |a SNK  |b slo  |c SNK  |e rda 
041 0 |a bul 
044 |a bu  |c BG 
072 7 |a 821.162.4-3  |x Slovenská próza  |2 konspekt 
080 |a 821.162.4-32  |2 2011 
100 0 |a Balla,  |d 1967-  |4 aut  |9 103595 
245 1 0 |a V imeto na baštata  |c Vladimir Bala ; prevod ot slovaški Asen Milčev 
250 |a Părvo izdanie 
264 1 |a Sofija  |b Bezsmărtni misli  |c 2021 
300 |a 111 strán  |c 19 cm 
336 |a text  |b txt  |2 rdacontent 
337 |a bez média  |b n  |2 rdamedia 
338 |a zväzok  |b nc  |2 rdacarrier 
655 7 |a slovenské novely  |2 SNKPH  |9 70570 
655 7 |a Slovak novellas  |2 SNKPHeng  |9 286713 
700 1 |a Milčev, Asen Grigorov,  |d 1947-  |4 trl  |9 192052 
852 |a Slovenská národná knižnica 
919 |a 978-619-91303-2-2 
954 |a beletria pôvodná (slovenská)  |2 lita 
958 |a ZS 
958 |a LX 
958 |a UP 
999 |c 787264  |d 789194 
952 |a SNK  |b SNK  |y PREZ  |7 0  |p 17A1515312  |o snkSD 91166  |i snk2022/17671  |8 3  |g 52.80  |0 0  |1 0  |4 0  |d 2022-11-25  |f 1  |l 0  |r 2026-02-24 01:24:40  |w 2026-02-24